000 00315nam a2200121Ia 4500
008 190216s9999||||xx |||||||||||||| ||und||
100 _aAbdu Rahiman K
245 0 _aCharithra Padanattinu Oru Amukham
260 _bKerala Basha Inst
_c1978
300 _a198p
650 _aKerala History-Kerala History
942 _cBK
999 _c39518
_d39518